Problems of social development planning : (Record no. 33245)
[ view plain ]
| 000 -LEADER | |
|---|---|
| fixed length control field | 00948nam a2200265u 4500 |
| 001 - CONTROL NUMBER | |
| control field | 33245 |
| 003 - CONTROL NUMBER IDENTIFIER | |
| rucl marc code | BD-RjUL |
| 005 - DATE AND TIME OF LATEST TRANSACTION | |
| control field | 20211209051955.0 |
| 008 - FIXED-LENGTH DATA ELEMENTS--GENERAL INFORMATION | |
| fixed length control field | 140430s1964 nyu 100 0 eng |
| 035 ## - SYSTEM CONTROL NUMBER | |
| System control number | (BD-RjUL)33336 |
| 040 ## - CATALOGING SOURCE | |
| Original cataloging agency | DLC |
| Transcribing agency | CarP |
| Modifying agency | DLC |
| -- | BD-RjUL |
| Language of cataloging | eng |
| 041 ## - LANGUAGE CODE | |
| Language code of text/sound track or separate title | eng |
| 082 04 - DEWEY DECIMAL CLASSIFICATION NUMBER | |
| Classification number | 309.212 |
| Author mark and year | GRP 1964 |
| 110 2# - MAIN ENTRY--CORPORATE NAME | |
| Corporate name or jurisdiction name as entry element | Group of Experts on Social Development Planning. |
| 9 (RLIN) | 100953 |
| 245 10 - TITLE STATEMENT | |
| Title | Problems of social development planning : |
| Remainder of title | with special reference to Asia and the Far East / |
| Statement of responsibility, etc. | Group of Experts on Social Development Planning. |
| 260 ## - PUBLICATION, DISTRIBUTION, ETC. (IMPRINT) | |
| Place of publication, distribution, etc. | New York : |
| Name of publisher, distributor, etc. | United Nations, |
| Date of publication, distribution, etc. | 1964. |
| 300 ## - PHYSICAL DESCRIPTION | |
| Pagination | vi, 71 p. ; |
| Size | 23 cm. |
| 490 #0 - SERIES STATEMENT | |
| Series statement | Development programming techniques series, |
| Volume/sequential designation | no. 4 |
| 650 #0 - SUBJECT ADDED ENTRY--TOPICAL TERM | |
| Topical term or geographic name as entry element | Social policy |
| Form subdivision | Congresses. |
| 9 (RLIN) | 100949 |
| 830 #0 - SERIES ADDED ENTRY--UNIFORM TITLE | |
| Volume number/sequential designation | no. 4. [from old catalog] |
| Uniform title | Development programming techniques series, |
| 942 ## - ADDED ENTRY ELEMENTS (KOHA) | |
| Source of classification or shelving scheme | Dewey Decimal Classification |
| Koha item type | Books |
| Lost status | Source of classification or shelving scheme | Damaged status | Not for loan | Collection code | Permanent Location | Current Location | Shelving location | Date acquired | Source of acquisition | Cost, normal purchase price | Total Checkouts | Full call number | Date last seen | Copy number | Koha item type |
|---|---|---|---|---|---|---|---|---|---|---|---|---|---|---|---|
| Dewey Decimal Classification | Not For Loan | Non-fiction | Central Library, University of Rajshahi | Central Library, University of Rajshahi | Reading Room | 23/07/1969 | Zeitlinger | 75.00 | 309.212 GRP 1964 | 30/04/2014 | C-1 | Books |